Sports par Silhouette - Statistiques

Statistiques générales
  • Ce quiz a été pris 1 851 fois
  • Le résultat moyen est 8 sur 9
Réponses sur la Carte
Les réponses sont colorées sur une échelle allant du rouge au vert en fonction du pourcentage des utilisateurs qui les ont devinées à leur premier essai. Vous pouvez retrouver ces pourcentages ci-dessous.
 
Statistiques - réponses
Sport % Correct
Football
100%
Golf
100%
Tennis
100%
Natation
99%
Boxe
97%
Karate
96%
Handball
91%
Planche à roulettes/ Skateboard
88%
Cricket
53%
Aucun quiz correspondant
Distribution des résultats
% des personnes avec chaque résultat
Percentile par nombre de réponses
Votre historique - résultats
Vous n’avez pas pris ce quiz